<?xml version="1.0" encoding="UTF-8"?>
<record
    xmlns:xsi="http://www.w3.org/2001/XMLSchema-instance"
    xsi:schemaLocation="http://www.loc.gov/MARC21/slim http://www.loc.gov/standards/marcxml/schema/MARC21slim.xsd"
    xmlns="http://www.loc.gov/MARC21/slim">

  <leader>02023nab a2200277uuc4500</leader>
  <controlfield tag="001">1251703</controlfield>
  <controlfield tag="005">20240202102254.0</controlfield>
  <controlfield tag="008">110810e20090701                    spa  </controlfield>
  <datafield tag="035" ind1=" " ind2=" ">
    <subfield code="a">1251703</subfield>
  </datafield>
  <datafield tag="035" ind1=" " ind2=" ">
    <subfield code="a">(OCoLC)820590766</subfield>
  </datafield>
  <datafield tag="040" ind1=" " ind2=" ">
    <subfield code="c">comduadb</subfield>
  </datafield>
  <datafield tag="041" ind1=" " ind2=" ">
    <subfield code="a">spa</subfield>
  </datafield>
  <datafield tag="100" ind1="1" ind2="0">
    <subfield code="a">Aguilera Sosa, Victor Ricardo</subfield>
    <subfield code="4">aut</subfield>
    <subfield code="e">aut</subfield>
    <subfield code="9">625808</subfield>
  </datafield>
  <datafield tag="245" ind1="1" ind2="0">
    <subfield code="a">Evaluaci&#xF3;n de cambios en esquemas tempranos desadaptativos y en la antropometr&#xED;a de mujeres obesas con un tratamiento cognitivo conductual grupal</subfield>
  </datafield>
  <datafield tag="520" ind1="3" ind2=" ">
    <subfield code="a">Seg&#xFA;n la Encuesta Nacional de Salud Nutricional, publicada en el 2006, y la Organizaci&#xF3;n Mundial de la Salud, en M&#xE9;xico el 70% de la poblaci&#xF3;n padece sobrepeso u obesidad. Seg&#xFA;n Barquera, al ser un problema de salud p&#xFA;blica, la intervenci&#xF3;n desde diversos &#xE1;mbitos es indispensable. En este trabajo se utiliz&#xF3; el modelo te&#xF3;rico denominado Esquemas Tempranos Desadaptativos (ETD) de Young, el cual explica que dichos esquemas distorsionan el procesamiento de la informaci&#xF3;n del sujeto y, por lo tanto, son disfuncionales. El objetivo fue identificar y evaluar si hay cambios en los ETD de mujeres obesas despu&#xE9;s de un tratamiento cognitivo conductual grupal de 14 sesiones, con una n= 22. Se encontr&#xF3; una diferencia significativa en la evaluaci&#xF3;n pre-post en los esquemas privaci&#xF3;n emocional, inestabilidad emocional, autosacrificio, abandono y fracaso, as&#xED; como en el &#xCD;ndice de Masa Corporal (IMC) y el peso corporal.</subfield>
  </datafield>
  <datafield tag="650" ind1=" " ind2=" ">
    <subfield code="a">Peso corporal</subfield>
    <subfield code="9">52121</subfield>
  </datafield>
  <datafield tag="650" ind1=" " ind2=" ">
    <subfield code="a">P&#xE9;rdida de peso</subfield>
    <subfield code="9">23199</subfield>
  </datafield>
  <datafield tag="650" ind1=" " ind2="7">
    <subfield code="a">Terapia cognitiva</subfield>
    <subfield code="2">armarc</subfield>
    <subfield code="9">105442</subfield>
  </datafield>
  <datafield tag="650" ind1=" " ind2=" ">
    <subfield code="a">Esquemas (Psicolog&#xED;a)</subfield>
    <subfield code="9">58138</subfield>
  </datafield>
  <datafield tag="700" ind1="1" ind2="0">
    <subfield code="a">Leija Alba, Gerardo</subfield>
    <subfield code="4">aut</subfield>
    <subfield code="e">aut</subfield>
    <subfield code="9">625809</subfield>
  </datafield>
  <datafield tag="700" ind1="1" ind2="0">
    <subfield code="a">Rodriguez Chore&#xF1;o, Juan Daniel</subfield>
    <subfield code="4">aut</subfield>
    <subfield code="e">aut</subfield>
    <subfield code="9">625810</subfield>
  </datafield>
  <datafield tag="700" ind1="1" ind2="0">
    <subfield code="a">Trejo Martinez, Jaqueline Iveth</subfield>
    <subfield code="4">aut</subfield>
    <subfield code="e">aut</subfield>
    <subfield code="9">625811</subfield>
  </datafield>
  <datafield tag="700" ind1="1" ind2="0">
    <subfield code="a">L&#xF3;pez de la Rosa, Mar&#xED;a Rosa</subfield>
    <subfield code="4">aut</subfield>
    <subfield code="e">aut</subfield>
    <subfield code="9">625812</subfield>
  </datafield>
  <datafield tag="773" ind1="0" ind2=" ">
    <subfield code="t">Revista Colombiana de Psicolog&#xED;a (Bogot&#xE1;)</subfield>
    <subfield code="g">Vol. 18, No. 02, Jul.-Dic. 2009, p. 157-166</subfield>
    <subfield code="w">180779</subfield>
    <subfield code="x">0121-5469</subfield>
    <subfield code="0">87116</subfield>
  </datafield>
  <datafield tag="942" ind1=" " ind2=" ">
    <subfield code="c">ARIMP</subfield>
  </datafield>
  <datafield tag="999" ind1=" " ind2=" ">
    <subfield code="c">586020</subfield>
    <subfield code="d">586020</subfield>
  </datafield>
</record>
